Le Gendarme... ou La 7ème Compagnie ? - Statistiques

Statistiques générales
  • Ce quiz a été pris 515 fois
    512 depuis la dernière actualisation
  • Le résultat moyen est 12 sur 16
Statistiques - réponses
Question Réponse % Correct

Un p'tit bain pour le chef ! Un p'tit bain pour le chef !

89%

Groupir ! Reste groupir !

89%

Mais tremblez pas comme ça, ça fait de la mousse !

84%

Elle a son réseau, j'ai mon réseau, mon beau-frère à un réseau, on a tous un réseau, mais... on ne mélange pas.

83%

J’ai déjà vu des inconscients, des sauvages et des hystériques mais des possédés comme vous, jamais !

80%

Elle est forte celle-là !

79%

Vous naviguez sur un chalutier j'imagine... avec un véhicule immatriculé dans l'Île-de-France

79%

Alors comme ça "je n'aime que toi petite fleur des champs" c'est vous ?

78%

- Alors, qu'est-ce qui a 2 bras, 2 jambes, une tête de cochon, et qui sera privé de dessert pendant 1 mois ?
- Les vaches, ils oseraient vous faire ça ?

74%

Voyez, vous auriez pas du lâcher par les deux bouts en même temps, chef, comme ça vous auriez pas été entraîné dans la vase par le courant jusqu'à la sortie de l'égoût.

74%

Sans mentir, si votre pot-au-lait ressemble a votre fromage

70%

I don’t know, toujours I dont’ know. You look bizarre you.

69%

Allo, Chérubin appelle Poussin Bleu, répondez Poussin Bleu

68%

Oh chef ! Une étoile de mer !

54%

J'ai appris une phrase en anglais, faut que je la sorte, ça leur fera plaisir... I'M VERY GLAD TO YOU HELP!

52%

Ça fait 3/4 d'heure que l'on prend des raccourcis, et on n'arrive à rien.

43%
Aucun quiz correspondant
Distribution des résultats
% des personnes avec chaque résultat
Percentile par nombre de réponses
Votre historique - résultats
Vous n’avez pas pris ce quiz depuis la dernière actualisation